Documentación
Збережено в:
| Формат: | Текст |
|---|---|
| Опубліковано: |
Madrid:
M.A.P.A.
|
| Теги: |
Додати тег
Немає тегів, Будьте першим, хто поставить тег для цього запису!
|
MARC
| LEADER | 00000 a a2200000 04500 | ||
|---|---|---|---|
| 001 | 28902 | ||
| 003 | |||
| 040 | |||
| 090 | |a 148701 | ||
| 245 | |a Documentación | ||
| 260 | |a Madrid: |b M.A.P.A. | ||
| 300 | |a p. irreg; vol 1 | ||
| 999 | |c 11499 |d 11499 | ||
